| 000 -LEADER |
| fixed length control field |
00494pab a2200181 454500 |
| 008 - FIXED-LENGTH DATA ELEMENTS--GENERAL INFORMATION |
| fixed length control field |
180718b2012 xxu||||| |||| 00| 0 eng d |
| 100 ## - MAIN ENTRY--PERSONAL NAME |
| Personal name |
SaiBabu, K. |
| 245 ## - TITLE STATEMENT |
| Title |
Changing pattern of land utilization in Chittoor district, Andhra Pradesh |
| 260 ## - PUBLICATION, DISTRIBUTION, ETC. |
| Date of publication, distribution, etc. |
2012 |
| 300 ## - PHYSICAL DESCRIPTION |
| Extent |
p.30-39. |
| 650 ## - SUBJECT ADDED ENTRY--TOPICAL TERM |
| Topical term or geographic name entry element |
Land use - India - Andhra Pradesh |
| 650 ## - SUBJECT ADDED ENTRY--TOPICAL TERM |
| Topical term or geographic name entry element |
Land use |
| 700 ## - ADDED ENTRY--PERSONAL NAME |
| Personal name |
Krishnaiah, K. |
| 700 ## - ADDED ENTRY--PERSONAL NAME |
| Personal name |
Reddy, C. |
| 773 ## - HOST ITEM ENTRY |
| Main entry heading |
Indian Journal of Regional Science |
| 908 ## - PUT COMMAND PARAMETER (RLIN) |
| Put command parameter |
N |
| 909 ## - |
| -- |
95861 |